[Event "2 Bundesliga West 2007/2008"]
[Site "Schwaz"]
[Date "2008.01.26"]
[Round "7"]
[Board "3"]
[White "Pitschka, Klaus"]
[Black "Teufl, Siegfried"]
[Result "1-0"]
[WhiteElo "2320"]
[BlackElo "2207"]
[PlyCount "57"]
[EventDate "2007.10.06"]
[EventType "team"]
[EventRounds "11"]
[EventCountry "AUT"]
[WhiteTeam "Wuestenrot Inter Sbg Sued"]
[BlackTeam "ASK Salzburg"]

1.e4 e5 2.Bc4 Nf6 3.d4 exd4 4.Nf3 d5 5.exd5 Bb4+ 6.c3 Qe7+ 7.Be2 dxc3 8.bxc3 Bd6
9.O-O O-O 10.Re1 Qd8 11.c4 Bg4 12.Bg5 Nbd7 13.Nc3 Re8 14.Nd4 Bxe2 15.Rxe2 Bxh2+
16.Kxh2 Ng4+ 17.Kg3 Qxg5 18.Rxe8+ Rxe8 19.Qxg4 Qxg4+ 20.Kxg4 Ne5+ 21.Kg3 Nxc4
22.Ncb5 a6 23.Nxc7 Rc8 24.Rc1 Rxc7 25.d6 Rd7 26.Rxc4 g6 27.Rc8+ Kg7 28.Ne6+ Kf6
29.Nc5

[Event "2 Bundesliga West 2007/2008"]
[Site "Schwaz"]
[Date "2008.01.26"]
[Round "7"]
[Board "4"]
[White "Juergens, Klaus"]
[Black "Marchhart, Matthias"]
[Result "0-1"]
[WhiteElo "2181"]
[BlackElo "2163"]
[PlyCount "54"]
[EventDate "2007.10.06"]
[EventType "team"]
[EventRounds "11"]
[EventCountry "AUT"]
[WhiteTeam "ASK Salzburg"]
[BlackTeam "Wuestenrot Inter Sbg Sued"]

1.Nf3 d5 2.c4 d4 3.g3 c5 4.b4 cxb4 5.a3 bxa3 6.Bg2 Nc6 7.Bxa3 e5 8.Bxf8 Kxf8
9.d3 Nge7 10.Nbd2 g6 11.O-O Kg7 12.Qb3 Qc7 13.Rfb1 b6 14.c5 bxc5 15.Ng5 Rf8
16.Qc4 h6 17.Nge4 Be6 18.Qxc5 Rfd8 19.Nb3 Rab8 20.Ned2 Bd5 21.Bh3 Bxb3 22.Rxb3
Rxb3 23.Nxb3 Rd5 24.Qc4 Qb7 25.Nc5 Qb2 26.Ra2 Qb1+ 27.Kg2 Rxc5

[Event "2 Bundesliga West 2007/2008"]
[Site "Schwaz"]
[Date "2008.01.26"]
[Round "7"]
[Board "5"]
[White "Lickleder, Andreas"]
[Black "Besner, Bernhard"]
[Result "1/2-1/2"]
[WhiteElo "2227"]
[BlackElo "2119"]
[PlyCount "66"]
[EventDate "2007.10.06"]
[EventType "team"]
[EventRounds "11"]
[EventCountry "AUT"]
[WhiteTeam "Wuestenrot Inter Sbg Sued"]
[BlackTeam "ASK Salzburg"]

1.e4 d5 2.exd5 Qxd5 3.Nc3 Qa5 4.Bc4 Nf6 5.Nf3 Bg4 6.Qe2 Nc6 7.Bb5 a6 8.Bxc6+
bxc6 9.Qe5 Qb6 10.Ng5 e6 11.Nge4 Nxe4 12.Qxe4 Bf5 13.Qe2 Bd6 14.d3 O-O 15.O-O
Rab8 16.b3 Qd4 17.Bb2 Qh4 18.g3 Qh3 19.Ne4 Bg4 20.f3 Bf5 21.Rae1 Bxe4 22.fxe4
Rb5 23.e5 Bb4 24.c3 Be7 25.c4 Rbb8 26.Qf3 Rbd8 27.Re4 f5 28.exf6 Bxf6 29.Rf4 Be7
30.Qxc6 Rxd3 31.Rxf8+ Bxf8 32.Qa8 Rxg3+ 33.hxg3 Qxg3+

[Event "2 Bundesliga West 2007/2008"]
[Site "Schwaz"]
[Date "2008.01.26"]
[Round "7"]
[Board "6"]
[White "Scheiblmaier, Robert"]
[Black "Endthaler, Arnold"]
[Result "1-0"]
[WhiteElo "2135"]
[BlackElo "2078"]
[PlyCount "54"]
[EventDate "2007.10.06"]
[EventType "team"]
[EventRounds "11"]
[EventCountry "AUT"]
[WhiteTeam "ASK Salzburg"]
[BlackTeam "Wuestenrot Inter Sbg Sued"]

1.d4 Nf6 2.c4 g6 3.Nc3 Bg7 4.e4 d6 5.f3 O-O 6.Be3 e5 7.d5 c6 8.Qd2 cxd5 9.cxd5
a6 10.Nge2 Nbd7 11.g4 Ne8 12.Ng3 Bf6 13.O-O-O Bh4 14.Kb1 Kh8 15.Rc1 Ng7 16.Qc2
Ne8 17.Bd3 Rg8 18.Nd1 Ng7 19.Qe2 Nf6 20.Qf2 Nd7 21.Qe2 Nf6 22.Qf2 Nd7 23.Rc2 Ne8
24.Qd2 Ng7 25.Nf2 f6 26.Rhc1 Qe7 27.Be2 Ne8

[Event "2 Bundesliga West 2007/2008"]
[Site "Schwaz"]
[Date "2008.01.27"]
[Round "8"]
[Board "1"]
[White "Navratil, Robert"]
[Black "FrOewis, Georg"]
[Result "0-1"]
[WhiteElo "2141"]
[BlackElo "2223"]
[PlyCount "56"]
[EventDate "2007.10.06"]
[EventType "team"]
[EventRounds "11"]
[EventCountry "AUT"]
[WhiteTeam "ASK Salzburg"]
[BlackTeam "Lustenau"]

1.e4 e6 2.Nf3 d5 3.e5 c5 4.c3 Nc6 5.Na3 f6 6.Bb5 Bd7 7.Qe2 fxe5 8.Nxe5 Nf6 9.O-O
Bd6 10.Bxc6 bxc6 11.Re1 O-O 12.f4 Kh8 13.d3 Be8 14.Rf1 Bh5 15.Qe3 Qc7 16.Re1 c4
17.dxc4 Ne4 18.Qh3 Bxe5 19.fxe5 Qxe5 20.Be3 Bg6 21.Rad1 Rf5 22.Qh4 Raf8 23.Rf1
Nxc3 24.Rxf5 Qxe3+ 25.Kh1 Bxf5 26.bxc3 Be4 27.cxd5 Bxg2+ 28.Kxg2 Qf3+

[Event "2 Bundesliga West 2007/2008"]
[Site "Schwaz"]
[Date "2008.01.27"]
[Round "8"]
[Board "2"]
[White "Bezler, Rainer"]
[Black "Teufl, Siegfried"]
[Result "0-1"]
[WhiteElo "2258"]
[BlackElo "2207"]
[PlyCount "66"]
[EventDate "2007.10.06"]
[EventType "team"]
[EventRounds "11"]
[EventCountry "AUT"]
[WhiteTeam "Lustenau"]
[BlackTeam "ASK Salzburg"]

1.d4 Nf6 2.c4 g6 3.Nc3 Bg7 4.e4 d6 5.Nf3 O-O 6.Be2 c5 7.O-O cxd4 8.Nxd4 Nc6
9.Be3 Ne8 10.Qd2 Nc7 11.Rfd1 Bd7 12.Nb3 b6 13.Nd5 Re8 14.Bf1 Ne5 15.f3 Bc6
16.Nd4 Bb7 17.a4 Na6 18.a5 Rc8 19.axb6 axb6 20.b3 Nc5 21.Qb4 Ned7 22.Ra3 Bf8
23.Qd2 e6 24.Nc3 d5 25.Ra7 e5 26.Ndb5 d4 27.Bxd4 exd4 28.Qxd4 Bc6 29.b4 Ne6
30.Qd3 Ne5 31.Qb1 Qg5 32.Nd6 Bxd6 33.Rxd6 Qe3+

[Event "2 Bundesliga West 2007/2008"]
[Site "Schwaz"]
[Date "2008.01.27"]
[Round "8"]
[Board "3"]
[White "Juergens, Klaus"]
[Black "Doskocil, Klaus"]
[Result "1/2-1/2"]
[WhiteElo "2181"]
[BlackElo "2202"]
[PlyCount "28"]
[EventDate "2007.10.06"]
[EventType "team"]
[EventRounds "11"]
[EventCountry "AUT"]
[WhiteTeam "ASK Salzburg"]
[BlackTeam "Lustenau"]

1.Nf3 Nf6 2.c4 d6 3.d4 Nbd7 4.Nc3 e5 5.g3 g6 6.Bg2 Bg7 7.O-O O-O 8.e4 Re8 9.Re1
a5 10.dxe5 dxe5 11.h3 c6 12.Be3 b6 13.Qc2 Bf8 14.Rad1 Qc7

[Event "2 Bundesliga West 2007/2008"]
[Site "Schwaz"]
[Date "2008.01.27"]
[Round "8"]
[Board "4"]
[White "HAemmerle, Gernot"]
[Black "Besner, Bernhard"]
[Result "1/2-1/2"]
[WhiteElo "2104"]
[BlackElo "2119"]
[PlyCount "85"]
[EventDate "2007.10.06"]
[EventType "team"]
[EventRounds "11"]
[EventCountry "AUT"]
[WhiteTeam "Lustenau"]
[BlackTeam "ASK Salzburg"]

1.e4 d5 2.exd5 Qxd5 3.Nc3 Qa5 4.Bc4 Nf6 5.Nf3 Bg4 6.O-O Qh5 7.Nb5 Na6 8.d4 Bxf3
9.Qxf3 Qxf3 10.gxf3 c6 11.Na3 Nc7 12.c3 e6 13.Nc2 Bd6 14.Re1 O-O 15.Bg5 Ncd5
16.Rad1 h6 17.Bc1 Rfe8 18.Ne3 Re7 19.Ng4 Nh5 20.Ne5 Rae8 21.Bb3 Ndf4 22.Ng4 Nh3+
23.Kg2 N3f4+ 24.Kf1 f6 25.Ne3 Nd5 26.Ng4 b5 27.Bc2 Kf7 28.Kg1 Nhf4 29.Ne3 Nh3+
30.Kf1 Ng5 31.Nxd5 exd5 32.Rxe7+ Rxe7 33.Kg2 Ne6 34.h3 Bf4 35.Be3 g6 36.Bd3 f5
37.h4 Kf6 38.a4 a6 39.axb5 axb5 40.Ra1 g5 41.hxg5+ hxg5 42.Ra6 Rc7 43.Kf1

[Event "2 Bundesliga West 2007/2008"]
[Site "Schwaz"]
[Date "2008.01.27"]
[Round "8"]
[Board "5"]
[White "LOeffler, Christoph"]
[Black "Niedermair, Hannes"]
[Result "1/2-1/2"]
[WhiteElo "2172"]
[BlackElo "1997"]
[PlyCount "76"]
[EventDate "2007.10.06"]
[EventType "team"]
[EventRounds "11"]
[EventCountry "AUT"]
[WhiteTeam "ASK Salzburg"]
[BlackTeam "Lustenau"]

1.e4 d6 2.Nc3 Nf6 3.f4 c5 4.Nf3 Nc6 5.Bb5 a6 6.Bxc6+ bxc6 7.d3 g6 8.Qe2 Bg7 9.e5
Nd5 10.Ne4 O-O 11.O-O Bg4 12.Ng3 Qb8 13.c4 Nc7 14.h3 Bxf3 15.Qxf3 dxe5 16.f5 Ne8
17.Ne4 Nf6 18.Rb1 Rd8 19.Bg5 Nxe4 20.dxe4 f6 21.Be3 Rd3 22.Qf2 Qc7 23.Bxc5 Bh6
24.Qe2 Rad8 25.Qg4 Kf7 26.Qh4 Kg7 27.Qe1 Bf4 28.Rf3 Rxf3 29.gxf3 gxf5 30.Rd1
fxe4 31.fxe4 Qc8 32.Kg2 Rg8 33.Rd3 Qe6 34.b3 Qf7 35.Kh1 Kh8 36.Rf3 Qg6 37.Qe2
Rd8 38.Rd3 Rg8

[Event "2 Bundesliga West 2007/2008"]
[Site "Schwaz"]
[Date "2008.01.27"]
[Round "8"]
[Board "1"]
[White "Lehner, Oliver"]
[Black "Medvegy, Zoltan"]
[Result "1/2-1/2"]
[WhiteElo "2419"]
[BlackElo "2512"]
[PlyCount "71"]
[EventDate "2007.10.06"]
[EventType "team"]
[EventRounds "11"]
[EventCountry "AUT"]
[WhiteTeam "Sparkasse Jenbach"]
[BlackTeam "ATSV Ranshofen"]

1.e4 c6 2.d4 d5 3.e5 Bf5 4.Be3 e6 5.Nd2 Nd7 6.Be2 Be7 7.Ngf3 Bg6 8.h3 f6 9.c4
fxe5 10.dxe5 Nh6 11.g4 Bc5 12.Bxc5 Nxc5 13.Rc1 Qe7 14.O-O O-O 15.Ne1 Rad8
16.cxd5 Rxd5 17.Bc4 Rd4 18.Qe2 b5 19.Qe3 Rfd8 20.Nb3 Rxc4 21.Nxc5 Rxc1 22.Qxc1
Rd5 23.b4 Rxe5 24.Nf3 Rd5 25.Re1 e5 26.Qe3 Nf7 27.Nd4 Qd7 28.Ne2 h6 29.f4 Rd1
30.Rxd1 Qxd1+ 31.Kh2 exf4 32.Nxf4 Kh7 33.Nce6 Qd6 34.Qxa7 Qxb4 35.Qd7 Qb2+
36.Kg3

[Event "2 Bundesliga West 2007/2008"]
[Site "Schwaz"]
[Date "2008.01.27"]
[Round "8"]
[Board "2"]
[White "Dovzik, Juri"]
[Black "Schlosser, Philipp"]
[Result "1/2-1/2"]
[WhiteElo "2381"]
[BlackElo "2564"]
[PlyCount "33"]
[EventDate "2007.10.06"]
[EventType "team"]
[EventRounds "11"]
[EventCountry "AUT"]
[WhiteTeam "ATSV Ranshofen"]
[BlackTeam "Sparkasse Jenbach"]

1.e4 c5 2.c3 d5 3.exd5 Qxd5 4.d4 Nf6 5.Nf3 Nc6 6.Be3 cxd4 7.cxd4 e6 8.Nc3 Qd6
9.a3 Be7 10.Bd3 O-O 11.O-O b6 12.Qe2 Bb7 13.Rad1 Rad8 14.Rfe1 Nd5 15.Qc2 g6
16.Nxd5 Qxd5 17.Bb5

[Event "2 Bundesliga West 2007/2008"]
[Site "Schwaz"]
[Date "2008.01.27"]
[Round "8"]
[Board "3"]
[White "BOensch, Uwe"]
[Black "Zoister, Stefan"]
[Result "1-0"]
[WhiteElo "2530"]
[BlackElo "2226"]
[PlyCount "115"]
[EventDate "2007.10.06"]
[EventType "team"]
[EventRounds "11"]
[EventCountry "AUT"]
[WhiteTeam "Sparkasse Jenbach"]
[BlackTeam "ATSV Ranshofen"]

1.d4 Nf6 2.c4 e6 3.Nf3 b6 4.a3 Bb7 5.Nc3 d5 6.Bg5 Be7 7.Qa4+ c6 8.Bxf6 Bxf6
9.cxd5 exd5 10.g3 O-O 11.Bg2 Re8 12.O-O Nd7 13.Rfd1 Qe7 14.Ne1 g6 15.e3 Nf8
16.Nd3 Ne6 17.Rac1 Ng5 18.h4 Ne6 19.b4 Red8 20.Qb3 Rac8 21.b5 c5 22.Nxd5 Bxd5
23.Bxd5 cxd4 24.e4 Rc3 25.Rxc3 dxc3 26.Nb4 Qc5 27.Kg2 Qxb5 28.Bxe6 Rxd1 29.Bxf7+
Kg7 30.Qxd1 Kxf7 31.Qb3+ Kg7 32.Qe6 Qe5 33.Qc6 Be7 34.Nd3 Qd4 35.Nf4 Kh6 36.Ne2
Qc5 37.Qxc5 Bxc5 38.Nxc3 Bxa3 39.Nb5 Bc5 40.Nxa7 Kg7 41.f4 h5 42.g4 Kf6 43.Nb5
Ke6 44.Kf3 Be7 45.Nd4+ Kf7 46.g5 Bb4 47.Ke2 Bc3 48.Nb5 Bb4 49.f5 gxf5 50.exf5
Bf8 51.Kd3 Bb4 52.Nd4 Be1 53.Nf3 Bg3 54.Kc4 Ke7 55.Kd5 Bf2 56.f6+ Kf7 57.Ne5+
Kg8 58.Ke6

[Event "2 Bundesliga West 2007/2008"]
[Site "Schwaz"]
[Date "2008.01.27"]
[Round "8"]
[Board "4"]
[White "Webersberger, Johann"]
[Black "Stangl, Markus"]
[Result "1/2-1/2"]
[WhiteElo "2236"]
[BlackElo "2453"]
[PlyCount "49"]
[EventDate "2007.10.06"]
[EventType "team"]
[EventRounds "11"]
[EventCountry "AUT"]
[WhiteTeam "ATSV Ranshofen"]
[BlackTeam "Sparkasse Jenbach"]

1.c4 c5 2.Nf3 b6 3.g3 Bb7 4.Bg2 Nf6 5.O-O g6 6.Nc3 Bg7 7.Re1 Nc6 8.e4 d6 9.h3
O-O 10.d3 e6 11.Bf4 Qe7 12.Qd2 Rfd8 13.Rad1 Nd7 14.Bg5 Bf6 15.h4 a6 16.Nh2 Nd4
17.Ne2 Nxe2+ 18.Rxe2 Bxg5 19.hxg5 f6 20.gxf6 Nxf6 21.e5 dxe5 22.Bxb7 Qxb7
23.Rxe5 Rd6 24.Qe2 Qc6 25.Re1

[Event "2 Bundesliga West 2007/2008"]
[Site "Schwaz"]
[Date "2008.01.27"]
[Round "8"]
[Board "5"]
[White "Kleissl, Helmut"]
[Black "Ager, Josef"]
[Result "1-0"]
[WhiteElo "2302"]
[BlackElo "2213"]
[PlyCount "37"]
[EventDate "2007.10.06"]
[EventType "team"]
[EventRounds "11"]
[EventCountry "AUT"]
[WhiteTeam "Sparkasse Jenbach"]
[BlackTeam "ATSV Ranshofen"]

1.Nf3 Nf6 2.c4 g6 3.Nc3 Bg7 4.e4 d6 5.d4 O-O 6.h3 Na6 7.Bg5 Qe8 8.g4 e5 9.d5 Nc5
10.Nd2 a5 11.Qf3 Nfd7 12.Rg1 c6 13.O-O-O Nb6 14.h4 Nba4 15.Nxa4 Nxa4 16.h5 b5
17.h6 Bh8 18.Bf6 cxd5 19.cxd5

[Event "2 Bundesliga West 2007/2008"]
[Site "Schwaz"]
[Date "2008.01.27"]
[Round "8"]
[Board "6"]
[White "Hackbarth, Wolfgang"]
[Black "HOellrigl, Wilfried"]
[Result "0-1"]
[WhiteElo "2141"]
[BlackElo "2240"]
[PlyCount "99"]
[EventDate "2007.10.06"]
[EventType "team"]
[EventRounds "11"]
[EventCountry "AUT"]
[WhiteTeam "ATSV Ranshofen"]
[BlackTeam "Sparkasse Jenbach"]

1.c4 g6 2.g3 Bg7 3.Bg2 d6 4.d3 c5 5.Nf3 Nf6 6.O-O Nc6 7.Nc3 O-O 8.Bg5 h6 9.Bd2
Rb8 10.Rb1 Bd7 11.a3 a5 12.Nd5 e6 13.Nxf6+ Qxf6 14.Bc3 e5 15.Nd2 b5 16.cxb5 Rxb5
17.Nc4 Qe6 18.Ne3 Ne7 19.a4 Rbb8 20.Bxa5 d5 21.Bd2 f5 22.Qc2 Rfc8 23.Rfc1 f4
24.Nf1 g5 25.e3 Qf7 26.Qd1 Bf5 27.e4 Bg6 28.b4 c4 29.b5 Rf8 30.Bb4 Rfd8 31.Bxe7
Qxe7 32.dxc4 dxe4 33.Qc2 Rd3 34.c5 Kh7 35.c6 f3 36.Bh3 e3 37.c7 Rf8 38.c8=Q Rxc8
39.Qxc8 Rd8 40.Qc6 exf2+ 41.Kh1 e4 42.Ne3 Qa3 43.Qc7 Qxe3 44.Qxd8 Qe2 45.Rc7
Qe1+ 46.Bf1 Qxb1 47.Rxg7+ Kxg7 48.Qe7+ Bf7 49.Qe5+ Kg6 50.Qd5

[Event "2 Bundesliga West 2007/2008"]
[Site "Schwaz"]
[Date "2008.01.27"]
[Round "8"]
[Board "1"]
[White "Dobosz, Henryk"]
[Black "Bayer, Bernhard"]
[Result "1/2-1/2"]
[WhiteElo "2430"]
[BlackElo "2367"]
[PlyCount "49"]
[EventDate "2007.10.06"]
[EventType "team"]
[EventRounds "11"]
[EventCountry "AUT"]
[WhiteTeam "GOetzis"]
[BlackTeam "Schwaz"]

1.d4 Nf6 2.Nf3 d6 3.c4 Nbd7 4.Nc3 e5 5.g3 Be7 6.Bg2 O-O 7.O-O Re8 8.e4 c6 9.h3
Bf8 10.Re1 a6 11.d5 cxd5 12.cxd5 b5 13.a3 Nb6 14.b3 Qc7 15.Be3 Bd7 16.Rc1 Qb7
17.Nd2 a5 18.Qc2 Rec8 19.Qb2 Ne8 20.Bf1 Nc7 21.Kh2 f5 22.f3 Be7 23.a4 b4 24.Ncb1
Rf8 25.Nc4

[Event "2 Bundesliga West 2007/2008"]
[Site "Schwaz"]
[Date "2008.01.27"]
[Round "8"]
[Board "2"]
[White "Fuchs, Georg"]
[Black "Eisenbeiser, Amadeus"]
[Result "0-1"]
[WhiteElo "2221"]
[BlackElo "2319"]
[PlyCount "110"]
[EventDate "2007.10.06"]
[EventType "team"]
[EventRounds "11"]
[EventCountry "AUT"]
[WhiteTeam "Schwaz"]
[BlackTeam "GOetzis"]

1.e4 c5 2.Nf3 e6 3.b3 b6 4.Bb2 Bb7 5.Nc3 a6 6.a4 d6 7.d4 cxd4 8.Nxd4 Nf6 9.Bd3
Nbd7 10.O-O Be7 11.f4 O-O 12.f5 e5 13.Nde2 d5 14.Ng3 Nc5 15.Qe2 dxe4 16.Ncxe4
Nfxe4 17.Bxe4 Nxe4 18.Nxe4 f6 19.c4 Qc7 20.Rfd1 Rfd8 21.h3 Rxd1+ 22.Rxd1 Rd8
23.Nc3 Qc5+ 24.Kh2 Rxd1 25.Nxd1 e4 26.Ne3 Bd6+ 27.g3 Bc8 28.Qd2 Qc7 29.Qd5+ Kf8
30.Kg2 Bb7 31.Qe6 Qc5 32.Nd5 Bxd5 33.Qxd5 Qxd5 34.cxd5 Bc5 35.g4 Ke7 36.h4 Kd6
37.g5 fxg5 38.hxg5 g6 39.f6 Kxd5 40.Kg3 Ke6 41.Kf4 e3 42.Kf3 Kf5 43.f7 Ke6
44.Bd4 Kxf7 45.Bxc5 bxc5 46.Kxe3 h5 47.gxh6 g5 48.a5 Kg6 49.Ke4 Kxh6 50.Kd5 g4
51.Kxc5 g3 52.Kb6 g2 53.Kxa6 g1=Q 54.b4 Qg6+ 55.Kb7 Qe4+

[Event "2 Bundesliga West 2007/2008"]
[Site "Schwaz"]
[Date "2008.01.27"]
[Round "8"]
[Board "3"]
[White "Schmidlechner, Alexander"]
[Black "Gruber, Michael"]
[Result "1/2-1/2"]
[WhiteElo "2195"]
[BlackElo "2146"]
[PlyCount "69"]
[EventDate "2007.10.06"]
[EventType "team"]
[EventRounds "11"]
[EventCountry "AUT"]
[WhiteTeam "GOetzis"]
[BlackTeam "Schwaz"]

1.d4 f5 2.g3 Nf6 3.Bg2 d6 4.c4 g6 5.Nc3 Bg7 6.Nh3 O-O 7.d5 e5 8.dxe6 c6 9.Nf4
Na6 10.O-O Nc5 11.Rb1 Nxe6 12.b4 Nxf4 13.gxf4 Nh5 14.Qd3 Qh4 15.e3 g5 16.Ne2
gxf4 17.Nxf4 Be5 18.Rd1 Rf6 19.Qe2 Nxf4 20.exf4 Bxf4 21.Bxf4 Qxf4 22.Qe8+ Rf8
23.Qe7 Rf7 24.Qd8+ Rf8 25.Qxd6 Qxd6 26.Rxd6 f4 27.Be4 Bf5 28.Bxf5 Rxf5 29.f3 Re8
30.Rbd1 Rg5+ 31.Kf2 Rh5 32.Rd8 Kf7 33.Rxe8 Kxe8 34.Re1+ Kd7 35.Kg2

[Event "2 Bundesliga West 2007/2008"]
[Site "Schwaz"]
[Date "2008.01.27"]
[Round "8"]
[Board "4"]
[White "Riedl, Johannes"]
[Black "Wallis, Anton"]
[Result "1/2-1/2"]
[WhiteElo "2142"]
[BlackElo "2163"]
[PlyCount "43"]
[EventDate "2007.10.06"]
[EventType "team"]
[EventRounds "11"]
[EventCountry "AUT"]
[WhiteTeam "Schwaz"]
[BlackTeam "GOetzis"]

1.e4 c5 2.Nf3 d6 3.d4 cxd4 4.Nxd4 Nf6 5.Nc3 a6 6.Be3 e6 7.Be2 Nbd7 8.f4 Qc7 9.a4
b6 10.Bf3 Bb7 11.Qe2 Nc5 12.Bf2 Be7 13.g4 g6 14.g5 Nfd7 15.b4 Nb3 16.Ndb5 axb5
17.Nxb5 Qc6 18.cxb3 Ba6 19.O-O Bxb5 20.axb5 Qb7 21.Ra6 O-O 22.Rfa1

[Event "2 Bundesliga West 2007/2008"]
[Site "Schwaz"]
[Date "2008.01.27"]
[Round "8"]
[Board "5"]
[White "Kranz, Armin"]
[Black "KOell,  Hannes"]
[Result "1-0"]
[WhiteElo "2172"]
[BlackElo "2119"]
[PlyCount "95"]
[EventDate "2007.10.06"]
[EventType "team"]
[EventRounds "11"]
[EventCountry "AUT"]
[WhiteTeam "GOetzis"]
[BlackTeam "Schwaz"]

1.d4 g6 2.Nf3 Bg7 3.c4 d6 4.Nc3 Bg4 5.e3 Nc6 6.Be2 Bxf3 7.Bxf3 e5 8.d5 Nce7 9.g4
f5 10.gxf5 Nxf5 11.Qa4+ Kf7 12.c5 Nf6 13.cxd6 cxd6 14.Bd2 a6 15.h4 b5 16.Qb3 h6
17.O-O-O Qd7 18.h5 g5 19.Be4 Nxe4 20.Nxe4 Rhc8+ 21.Kb1 Rc4 22.Qd3 Rac8 23.Ng3
Ne7 24.b3 e4 25.Nxe4 Rc2 26.Bc1 Kg8 27.f4 Qc7 28.fxg5 hxg5 29.Nxg5 Qa5 30.Qh7+
Kf8 31.Ne6+ Ke8 32.Nxg7+ Kd7 33.Qxc2 Rxc2 34.Kxc2 Qb4 35.Bb2 Qe4+ 36.Kc1 Nxd5
37.Bd4 Nb4 38.Rh2 Nd3+ 39.Kd2 Nf4 40.Kc3 Nd5+ 41.Kb2 Nxe3 42.Rdd2 Nf1 43.Rhe2
Qd5 44.Ne8 Kc8 45.Nf6 Qf5 46.Rc2+ Kb8 47.Re8+ Kb7 48.Re7+

[Event "2 Bundesliga West 2007/2008"]
[Site "Schwaz"]
[Date "2008.01.27"]
[Round "8"]
[Board "6"]
[White "Streiter, Gerhard"]
[Black "Flatz, Lothar"]
[Result "1/2-1/2"]
[WhiteElo "1926"]
[BlackElo "2156"]
[PlyCount "29"]
[EventDate "2007.10.06"]
[EventType "team"]
[EventRounds "11"]
[EventCountry "AUT"]
[WhiteTeam "Schwaz"]
[BlackTeam "GOetzis"]

1.e4 g6 2.d4 Bg7 3.Nc3 d6 4.Nf3 Nf6 5.Be2 O-O 6.O-O Nbd7 7.Re1 c5 8.d5 a6 9.a4
Rb8 10.a5 Qc7 11.Nd2 Rd8 12.Nc4 b5 13.axb6 Nxb6 14.Na5 Ra8 15.Be3

[Event "2 Bundesliga West 2007/2008"]
[Site "Schwaz"]
[Date "2008.01.27"]
[Round "8"]
[Board "1"]
[White "Klocker, Benedikt"]
[Black "Bromberger, Stefan"]
[Result "1/2-1/2"]
[WhiteElo "2149"]
[BlackElo "2493"]
[PlyCount "122"]
[EventDate "2007.10.06"]
[EventType "team"]
[EventRounds "11"]
[EventCountry "AUT"]
[WhiteTeam "Dornbirn"]
[BlackTeam "Rochade Rum"]

1.e4 c5 2.Nf3 d6 3.d4 cxd4 4.Nxd4 Nf6 5.Nc3 a6 6.Be3 e6 7.Be2 Qc7 8.f4 b5 9.Bf3
Bb7 10.a3 Nbd7 11.O-O Be7 12.Kh1 O-O 13.f5 e5 14.Nb3 Rad8 15.g4 d5 16.exd5 e4
17.Nxe4 Nxd5 18.Bd4 Ne5 19.Bxe5 Qxe5 20.Qd4 Qc7 21.Qf2 Rfe8 22.Nbc5 Bc8 23.Rad1
Qf4 24.Rfe1 Bh4 25.Ng3 Rxe1+ 26.Rxe1 h5 27.Nd3 Qd6 28.gxh5 Nf4 29.Rd1 Qh6
30.Nxf4 Qxf4 31.Rxd8+ Bxd8 32.Kg2 Bxf5 33.Nxf5 Qxf5 34.Qe3 Qg5+ 35.Kh1 Kh7
36.Qd3+ Kh6 37.b3 Bc7 38.Qe4 Qd2 39.Qe2 Qc1+ 40.Kg2 Qg5+ 41.Kh1 Bb6 42.Qd1 Qf4
43.Qf1 Qd2 44.Qd1 Qf2 45.Qd6+ g6 46.Qf4+ Kg7 47.h6+ Kg8 48.h7+ Kg7 49.Qh6+ Kxh6
50.h8=Q+ Kg5 51.Qe5+ Kh6 52.Qh8+ Kg5 53.Qe5+ f5 54.Qg3+ Kf6 55.Qxf2 Bxf2 56.Kg2
Bd4 57.c4 bxc4 58.bxc4 Ke5 59.a4 a5 60.Bc6 Kf4 61.h3 Bc5

[Event "2 Bundesliga West 2007/2008"]
[Site "Schwaz"]
[Date "2008.01.27"]
[Round "8"]
[Board "2"]
[White "Heinzel, Olaf"]
[Black "Novkovic, Julia"]
[Result "1-0"]
[WhiteElo "2392"]
[BlackElo "2131"]
[PlyCount "75"]
[EventDate "2007.10.06"]
[EventType "team"]
[EventRounds "11"]
[EventCountry "AUT"]
[WhiteTeam "Rochade Rum"]
[BlackTeam "Dornbirn"]

1.Nf3 d6 2.d4 g6 3.g3 Bg7 4.Bg2 Nd7 5.O-O e5 6.c4 Ne7 7.Nc3 O-O 8.e3 h6 9.b3 f5
10.dxe5 Nxe5 11.Nxe5 Bxe5 12.Bb2 Nc6 13.Qd2 Be6 14.f4 Bg7 15.e4 Qd7 16.Rad1 Bd4+
17.Kh1 Rae8 18.Rfe1 Kh7 19.exf5 Bxf5 20.Nd5 Rxe1+ 21.Rxe1 Bxb2 22.Qxb2 Qd8
23.Qc3 Rf7 24.Qe3 Qh8 25.h3 h5 26.Kh2 Qd4 27.Qe8 Kg7 28.Qe2 a5 29.Rd1 Qc5 30.g4
hxg4 31.hxg4 Bd7 32.Qb2+ Ne5 33.fxe5 Rf2 34.Qc3 Bxg4 35.e6+ Kh7 36.Rd4 Bh5 37.e7
Qc6 38.Qe3

[Event "2 Bundesliga West 2007/2008"]
[Site "Schwaz"]
[Date "2008.01.27"]
[Round "8"]
[Board "3"]
[White "Natter, Markus"]
[Black "Gatterer, Florian"]
[Result "0-1"]
[WhiteElo "2122"]
[BlackElo "2301"]
[PlyCount "92"]
[EventDate "2007.10.06"]
[EventType "team"]
[EventRounds "11"]
[EventCountry "AUT"]
[WhiteTeam "Dornbirn"]
[BlackTeam "Rochade Rum"]

1.e4 c6 2.Nf3 d5 3.exd5 cxd5 4.Ne5 Nf6 5.d4 g6 6.c3 Bg7 7.Nd2 O-O 8.Bd3 Nfd7
9.f4 e6 10.Ndf3 Nc6 11.O-O f6 12.Nxc6 bxc6 13.Qe2 Re8 14.Qf2 Qc7 15.Be3 a5
16.Rae1 a4 17.Re2 f5 18.a3 Nf6 19.Ne5 Ba6 20.Qf3 Ne4 21.Bxa6 Rxa6 22.g4 Rb6
23.Rc1 Reb8 24.Rcc2 Qe7 25.g5 Bxe5 26.dxe5 Rb3 27.h4 c5 28.h5 d4 29.Bc1 c4
30.Rh2 d3 31.hxg6 hxg6 32.Rh6 dxc2 33.Rxg6+ Qg7 34.Qh5 R3b7 35.Rxg7+ Rxg7 36.Qe2
Rd8 37.Qxc2 Rd3 38.Qxa4 Rgd7 39.Qxc4 Kf7 40.Kg2 Rg3+ 41.Kh2 Rgd3 42.g6+ Kxg6
43.Qxe6+ Kh5 44.Kg2 Rg3+ 45.Kf1 Rf3+ 46.Kg2 Rf2+

[Event "2 Bundesliga West 2007/2008"]
[Site "Schwaz"]
[Date "2008.01.27"]
[Round "8"]
[Board "4"]
[White "Hengl, Christian"]
[Black "Gsteu, Peter"]
[Result "1-0"]
[WhiteElo "2207"]
[BlackElo "2080"]
[PlyCount "85"]
[EventDate "2007.10.06"]
[EventType "team"]
[EventRounds "11"]
[EventCountry "AUT"]
[WhiteTeam "Rochade Rum"]
[BlackTeam "Dornbirn"]

1.e4 e6 2.d4 d5 3.e5 c5 4.c3 Nc6 5.Nf3 Bd7 6.a3 cxd4 7.cxd4 Nge7 8.b4 Rc8 9.Bb2
Nf5 10.Nc3 Be7 11.Be2 O-O 12.O-O f6 13.Bd3 fxe5 14.dxe5 Be8 15.Ne2 Bh5 16.Nf4
Bxf3 17.Qxf3 Qd7 18.Rad1 Bg5 19.Qg4 Bxf4 20.Qxf4 Qe7 21.Qd2 g5 22.b5 Nb8 23.Bc3
Nd7 24.Bb4 Nc5 25.f4 g4 26.Rc1 b6 27.Bxf5 Rxf5 28.Qd4 Qf8 29.Rc3 Rf7 30.f5 Rxf5
31.Qxg4+ Qg7 32.Qd4 Qxe5 33.Rg3+ Kh8 34.Qxe5+ Rxe5 35.Bc3 Nd7 36.Bxe5+ Nxe5
37.Re1 Ng6 38.Rxe6 Rc5 39.h4 d4 40.Rg5 d3 41.Rd6 Rxg5 42.hxg5 Nf4 43.Kf2

[Event "2 Bundesliga West 2007/2008"]
[Site "Schwaz"]
[Date "2008.01.27"]
[Round "8"]
[Board "5"]
[White "Kessler, Luca"]
[Black "Jedinger, Andreas"]
[Result "0-1"]
[WhiteElo "1911"]
[BlackElo "2178"]
[PlyCount "85"]
[EventDate "2007.10.06"]
[EventType "team"]
[EventRounds "11"]
[EventCountry "AUT"]
[WhiteTeam "Dornbirn"]
[BlackTeam "Rochade Rum"]

1.d4 Nf6 2.c4 e6 3.Nf3 c5 4.d5 b5 5.Bg5 Qa5+ 6.Qd2 b4 7.Bxf6 gxf6 8.e4 Rg8 9.Qf4
Na6 10.Nbd2 b3 11.Qe3 bxa2 12.Qa3 Qb6 13.Qxa2 Nb4 14.Qb3 d6 15.g3 e5 16.Bg2 Bd7
17.O-O Bh6 18.Rfd1 a5 19.Nh4 a4 20.Qc3 Bg5 21.Nhf3 Ke7 22.h4 Bh6 23.Nh2 Rgb8
24.Rf1 Na6 25.Rab1 Qb4 26.f4 Qxc3 27.bxc3 Nc7 28.Rf2 Rxb1+ 29.Nxb1 Rb8 30.Nd2
Rb2 31.Nhf3 exf4 32.g4 Bxg4 33.Rf1 Bd7 34.Ra1 Ne8 35.Kh2 f5 36.exf5 Nf6 37.Bh3
Kd8 38.Kg1 Bg7 39.Kf1 Nh5 40.Ra3 Ng3+ 41.Ke1 Rc2 42.Nf1 Rxc3 43.Ra2